[Event "8th It"]
[Site "Montreal CAN"]
[Date "2007.07.19"]
[Round "1"]
[White "Tiviakov,S"]
[Black "Ivanchuk,V"]
[Result "1/2-1/2"]
[WhiteElo "2648"]
[BlackElo "2762"]
[EventDate "2007.07.19"]

1. e4 c5 2. Nf3 d6 3. Bb5+ Nd7 4. d4 Ngf6 5. O-O cxd4 6. Qxd4 a6 7. Bxd7+
Bxd7 8. c4 g6 9. Nc3 Bg7 10. Re1 O-O 11. Qd3 Be6 12. Bd2 Nd7 13. b3 b5 14.
cxb5 Nc5 15. Qe2 axb5 16. Qxb5 Ra3 17. e5 Qa8 18. Rac1 Rb8 19. Qf1 Bf5 20.
Re3 dxe5 21. Qc4 Nd3 22. Rxd3 1/2-1/2

[Event "8th It"]
[Site "Montreal CAN"]
[Date "2007.07.23"]
[Round "4"]
[White "Eljanov,P"]
[Black "Harikrishna,P"]
[Result "1-0"]
[WhiteElo "2701"]
[BlackElo "2664"]
[EventDate "2007.07.19"]

1. d4 d5 2. c4 c6 3. Nf3 Nf6 4. Nc3 dxc4 5. a4 Bf5 6. e3 e6 7. Bxc4 Bb4 8.
O-O Nbd7 9. Qe2 Bg6 10. e4 O-O 11. Bd3 Bh5 12. e5 Nd5 13. Nxd5 cxd5 14. Qe3
Be7 15. Ne1 Rc8 16. Bd2 Bg6 17. g4 Rc6 18. Bb5 Rc8 19. Bd3 Rc6 20. Bb5 Rc8
21. Bc3 f5 22. exf6 Nxf6 23. f3 e5 24. Qxe5 Bd6 25. Qe2 Qc7 26. Rd1 h5 27.
g5 Nh7 28. h4 Bg3 29. Ng2 Rf7 30. f4 Rcf8 31. Bb4 Bxf4 32. Bxf8 Nxf8 33.
Bd3 Re7 34. Qf3 Bh2+ 35. Kh1 Bf7 36. Rc1 Qb8 37. Rce1 Rd7 38. Bb5 1-0

[Event "8th It"]
[Site "Montreal CAN"]
[Date "2007.07.23"]
[Round "4"]
[White "Short,N"]
[Black "Ivanchuk,V"]
[Result "0-1"]
[WhiteElo "2683"]
[BlackElo "2762"]
[EventDate "2007.07.19"]

1. e4 e6 2. d4 d5 3. Nd2 c5 4. exd5 Qxd5 5. Ngf3 cxd4 6. Bc4 Qd6 7. O-O Nf6
8. Nb3 Nc6 9. Nbxd4 Nxd4 10. Nxd4 a6 11. a4 Qc7 12. Qe2 Bd6 13. h3 O-O 14.
c3 h6 15. Re1 b6 16. Bd3 Bb7 17. Bd2 Rfd8 18. Rad1 Bc5 19. Nf3 Bd6 20. Bc2
Rd7 21. Be3 Rad8 22. Bd4 Bc5 23. Bxf6 Rxd1 24. Rxd1 Rxd1+ 25. Qxd1 gxf6 26.
Nd4 Qe5 27. Bd3 Bd6 28. Nf3 Qf4 29. Be2 Kg7 30. Kf1 Bc7 31. Ne1 a5 32. Qd7
Bd5 33. Nd3 Qh2 34. Bf3 Bxf3 35. gxf3 Qxh3+ 36. Ke2 Qh2 37. b4 h5 38. bxa5
bxa5 39. c4 h4 40. c5 h3 41. c6 Bb6 42. Qb7 Qg1 43. Qxb6 h2 44. c7 h1=Q 45.
Qb3 Qf1+ 46. Ke3 Qh6+ 0-1

[Event "8th It"]
[Site "Montreal CAN"]
[Date "2007.07.24"]
[Round "5"]
[White "Sutovsky,E"]
[Black "Short,N"]
[Result "1/2-1/2"]
[WhiteElo "2656"]
[BlackElo "2683"]
[EventDate "2007.07.19"]

1. e4 e5 2. Nf3 Nc6 3. Bb5 a6 4. Ba4 Nf6 5. O-O Be7 6. Re1 b5 7. Bb3 O-O 8.
c3 d5 9. exd5 Nxd5 10. Nxe5 Nxe5 11. Rxe5 Bb7 12. Qf3 c6 13. Bxd5 Bd6 14.
Re2 cxd5 15. d4 Qc7 16. g3 Rfe8 17. Be3 a5 18. Nd2 b4 19. Rc1 Qd7 20. Ree1
bxc3 21. Rxc3 Bb4 22. Rc2 Rac8 23. Rec1 Rxc2 24. Rxc2 a4 25. a3 Bxd2 26.
Bxd2 1/2-1/2

[Event "8th It"]
[Site "Montreal CAN"]
[Date "2007.07.25"]
[Round "6"]
[White "Eljanov,P"]
[Black "Ivanchuk,V"]
[Result "1/2-1/2"]
[WhiteElo "2701"]
[BlackElo "2762"]
[EventDate "2007.07.19"]

1. d4 Nf6 2. c4 g6 3. Nc3 d5 4. cxd5 Nxd5 5. Bd2 Bg7 6. e4 Nb6 7. Be3 O-O
8. Bb5 N8d7 9. f4 c6 10. Be2 Nf6 11. Rc1 Be6 12. b3 Qd7 13. h3 Rad8 14. Nf3
Nh5 15. Kf2 f5 16. e5 Bh6 17. g3 Nd5 18. Rg1 Ng7 19. Na4 b6 20. Bd2 Bf7 21.
Qc2 Rc8 22. h4 Qb7 23. b4 Ne6 24. Rgd1 Rfd8 25. a3 Ndc7 26. Be3 Nb5 27. Ra1
Nec7 28. Nb2 Nd5 29. Bd2 Ndc7 30. Be3 1/2-1/2

[Event "8th It"]
[Site "Montreal CAN"]
[Date "2007.07.25"]
[Round "6"]
[White "Bluvshtein,M"]
[Black "Tiviakov,S"]
[Result "0-1"]
[WhiteElo "2520"]
[BlackElo "2648"]
[EventDate "2007.07.19"]

1. d4 Nf6 2. c4 e6 3. g3 d5 4. Bg2 Bb4+ 5. Nd2 O-O 6. Ngf3 dxc4 7. Qc2 c5
8. dxc5 Nc6 9. O-O Qe7 10. Nxc4 Bxc5 11. Bf4 Nb4 12. Qb3 a5 13. Be3 b5 14.
Na3 Ba6 15. Bxc5 Qxc5 16. Rac1 Qb6 17. Nc2 Nbd5 18. Rfe1 b4 19. Ncd4 a4 20.
Qc2 Rfb8 21. e4 b3 22. Qd2 Nb4 23. axb3 Nd3 24. Rc6 Qd8 25. Re3 Nb4 26. Rc1
Ng4 27. Rec3 Na2 28. bxa4 e5 29. Nb3 Rxb3 0-1

[Event "8th It"]
[Site "Montreal CAN"]
[Date "2007.07.26"]
[Round "7"]
[White "Sutovsky,E"]
[Black "Eljanov,P"]
[Result "1/2-1/2"]
[WhiteElo "2656"]
[BlackElo "2701"]
[EventDate "2007.07.19"]

1. e4 e5 2. Nf3 Nc6 3. Bb5 Nf6 4. d3 d6 5. O-O Be7 6. c3 O-O 7. Re1 a6 8.
Ba4 Bg4 9. h3 Bxf3 10. Qxf3 Nd7 11. Be3 Bg5 12. Nd2 b5 13. Bc2 a5 14. Rad1
a4 15. a3 Bxe3 16. Qxe3 Qb8 17. Nf1 1/2-1/2

[Event "8th It"]
[Site "Montreal CAN"]
[Date "2007.07.27"]
[Round "8"]
[White "Bluvshtein,M"]
[Black "Sutovsky,E"]
[Result "0-1"]
[WhiteElo "2520"]
[BlackElo "2656"]
[EventDate "2007.07.19"]

1. Nf3 Nf6 2. c4 c5 3. g3 Nc6 4. Bg2 d5 5. cxd5 Nxd5 6. d4 e6 7. O-O Be7 8.
Nc3 O-O 9. Nxd5 exd5 10. dxc5 Bxc5 11. a3 Be7 12. Be3 Bf6 13. Nd4 Re8 14.
Nxc6 bxc6 15. Qc2 Rb8 16. Qxc6 d4 17. Bf4 Rxb2 18. Bc7 Qd7 19. Qxd7 Bxd7
20. Bf3 g5 21. Rac1 Bh3 22. Rfe1 g4 23. Bd5 Bg5 24. Bf4 Bxf4 25. gxf4 Rexe2
26. Rxe2 Rxe2 27. Rd1 Kg7 28. Bg2 Kf6 29. Bxh3 gxh3 30. Kf1 Re4 31. Rd3 Ke6
32. Rxh3 Kd5 33. Rxh7 d3 34. Rxf7 Kc6 35. Rf6+ Kc5 36. Rf8 d2 37. Rc8+ Kd4
38. Rd8+ Kc3 39. Rc8+ Kb3 40. Rb8+ Ka2 0-1

[Event "8th It"]
[Site "Montreal CAN"]
[Date "2007.07.27"]
[Round "8"]
[White "Harikrishna,P"]
[Black "Tiviakov,S"]
[Result "1-0"]
[WhiteElo "2664"]
[BlackElo "2648"]
[EventDate "2007.07.19"]

1. d4 Nf6 2. c4 e6 3. Nf3 b6 4. g3 Bb7 5. Bg2 Be7 6. Nc3 Na6 7. O-O O-O 8.
Bf4 Ne4 9. Nxe4 Bxe4 10. Qa4 Qc8 11. Ne5 Bxg2 12. Kxg2 f6 13. Nf3 c5 14.
Rfd1 Rf7 15. dxc5 Nxc5 16. Qc2 Qb7 17. Be3 Rc8 18. Rac1 Ne4 19. Kg1 Bc5 20.
Qb3 h6 21. Bxc5 Rxc5 22. Rd4 f5 23. Rcd1 Qc7 24. Qe3 Re7 25. b3 Nf6 26. Nh4
Kf7 27. Qf3 Qc6 28. Qxc6 Rxc6 29. Nf3 e5 30. R4d2 Ke6 31. Nh4 g5 32. Ng2 f4
33. f3 d6 34. gxf4 gxf4 35. e3 fxe3 36. Nxe3 Rg7+ 37. Kh1 Ne8 38. Nd5 Kd7
39. Re2 Rc8 40. a4 Rf7 41. Rd3 Ng7 42. Nc3 Kc6 43. Rg2 Re8 44. b4 Re6 45.
b5+ Kb7 46. a5 bxa5 47. Ne4 Nf5 48. c5 d5 49. Rxd5 Ne3 50. Rd6 Ree7 51. Re2
Nf5 52. Ra6 Kb8 53. Rxa5 Rd7 54. Ra1 Nd4 55. Rg2 Nxb5 56. Rb2 Rb7 57. c6
Rb6 58. Rxb5 Rxb5 59. Nd6 Rf6 60. Nxb5 Rxc6 61. Nxa7 Rc5 62. Kg2 Kb7 63.
Kg3 Kb6 64. Kg4 Kb7 65. Kf5 h5 66. Ra4 Kb6 67. h4 Kb7 68. Re4 Kxa7 69. Rxe5
Rc3 70. f4 Rg3 71. Ke6 Rg6+ 72. Kf7 Rg4 73. f5 Rxh4 74. f6 Rh1 75. Ke6 h4
76. f7 Rf1 77. Rf5 1-0

[Event "8th It"]
[Site "Montreal CAN"]
[Date "2007.07.28"]
[Round "9"]
[White "Ivanchuk,V"]
[Black "Harikrishna,P"]
[Result "1-0"]
[WhiteElo "2762"]
[BlackElo "2664"]
[EventDate "2007.07.19"]

1. e4 e5 2. Nf3 Nf6 3. Nxe5 d6 4. Nf3 Nxe4 5. d4 d5 6. Bd3 Bd6 7. O-O O-O
8. c4 c6 9. Re1 Bf5 10. Qb3 Na6 11. Nc3 dxc4 12. Bxc4 Nxc3 13. bxc3 b5 14.
Bf1 Nc7 15. Bg5 Qd7 16. Ne5 Qe6 17. c4 Bxe5 18. Rxe5 Qg6 19. Qf3 f6 20.
Rxf5 fxg5 21. Rxf8+ Rxf8 22. Qe3 Qf6 23. Rc1 bxc4 24. Bxc4+ Kh8 25. g3 h6
26. Bb3 Nd5 27. Qd2 Re8 28. Qd3 Rf8 29. Qd2 Re8 30. Qd3 Rf8 31. Rf1 Qd6 32.
Re1 Qd7 33. Bc2 Nf6 34. Qa3 Rd8 35. Qc5 Qf7 36. Bb3 Qf8 37. Qxa7 Re8 38.
Re5 Ng4 39. Rxe8 Qxe8 40. Qf7 Qd8 41. a4 1-0